Tilastot visalle Arvaa joululaulu #1

Klikkaa tästä pelataksesi tätä visaa!

Yleistilastot

  • Tätä visaa on pelattu 102 kertaa
  • Keskiarvotulos 7 / 15

Vastaustilastot

HintVastaus% Oikein
On ryijyn alla lämmin / kun lunta tuiskuttaa / Nyt liinakkomme kiitää / ja valkoinen on maaKulkuset
86%
En mä ole, lapseni, / lintu tästä maasta, / olen pieni veljesi, / tulin taivahastaVarpunen jouluaamuna
79%
Hauska tääl ois iltahetki / vaan on vielä pitkä retki / kuusen luota kuusen luokse / mulla matkan suunta juokseeJoulupukki
71%
Mut ylhäällä orressa vielä on vain / se häkki mi sulkee mun sirkuttajainSylvian joululaulu
68%
Joulu täynnä on kinkkua, kylkeä, potkaa, läskiä, niskaa ja tietenkin votkaaSika
61%
Tuo kotihin, / nyt pieneenkin, / nyt joulujuhla suloisin. / Jumalan sanan valoa / ja mieltä jaloaEn etsi valtaa loistoa
49%
Ja kohta luona kuusen, / taas juhlaa viettää voi, / taas lahjat kääröt aukaistaan / ja joululaulut soiJoulupukki matkaan jo käy
43%
Enkel taivaasta ilmoitti heill / suuri koittanut riemu on teill / Kristus syntynyt onJouluyö, juhlayö
43%
Nyt yksinäisen mökin kaamos saartaa, / päivisin on pelkkää hämärää. / Vain kesäaikaan auto pihaan kaartaaHei mummo
40%
Niin kovin kaukainen / on pieni kylä päällä maan / Sen tiet ja talot, puut / on lumipuvussaanAvaruus
38%
Polvet polvien tietämiin, / nousi vanheni läks - mihin niin? / Ongelma josta halaa / selkoa noin taas palaaTonttu
30%
Ei huolta murhetta kenkään muista / ei tunnu pakkaset tuikeat / vain laulu kaikuvi lasten suista / ja silmät riemusta hehkuvatKun joulu on
29%
Siellä joulua odotettiin. / Sädekehässä liekin loistavan / näimme taivaiden aukeavanLumilinna
14%
Markoa naurattaa se tietää kuinka hauskaa on / kun isä tunkee takin alle sahan ja lapionKuusivarkaisiin
13%
Nyt kuului äidin ääni, niin hartain paatoksin / hänen olkaansa nojasin pääni ja hiljaa kuuntelinTaas kaikki kauniit muistot
13%

Tulosjakauma

Persentiili vastausten määrän mukaan

Jokaisen tuloksen saaneiden osuus

Tuloshistoriasi

Et ole pelannut tätä visaa